The conquest of Gaul / (Record no. 17513)
[ view plain ]
| 000 -LEADER | |
|---|---|
| fixed length control field | 01346aam a2200385 i 4500 |
| 001 - CONTROL NUMBER | |
| control field | 011932224 |
| 003 - CONTROL NUMBER IDENTIFIER | |
| control field | EG-ScBUE |
| 005 - DATE AND TIME OF LATEST TRANSACTION | |
| control field | 20240331092557.0 |
| 008 - FIXED-LENGTH DATA ELEMENTS--GENERAL INFORMATION | |
| fixed length control field | 830418r19821951enkb f b 000 0 eng d |
| 020 ## - INTERNATIONAL STANDARD BOOK NUMBER | |
| International Standard Book Number | 0140444335 |
| 020 ## - INTERNATIONAL STANDARD BOOK NUMBER | |
| International Standard Book Number | 9780140444339 |
| 040 ## - CATALOGING SOURCE | |
| Original cataloging agency | EG-ScBUE |
| Language of cataloging | eng |
| Description conventions | rda |
| Transcribing agency | EG-ScBUE |
| Modifying agency | EG-ScBUE |
| 041 1# - LANGUAGE CODE | |
| Language code of text/sound track or separate title | eng |
| Language code of original and/or intermediate translations of text | lat |
| 043 ## - GEOGRAPHIC AREA CODE | |
| Geographic area code | e-fr--- |
| -- | e------ |
| 082 04 - DEWEY DECIMAL CLASSIFICATION NUMBER | |
| Classification number | 936.402 |
| Edition number | 22 |
| Item number | CAE |
| 100 1# - MAIN ENTRY--PERSONAL NAME | |
| Personal name | Caesar, Julius, |
| Relator term | author. |
| 9 (RLIN) | 33597 |
| 240 10 - UNIFORM TITLE | |
| Uniform title | <a href="De bello Gallico.">De bello Gallico.</a> |
| Language of a work | English |
| 245 14 - TITLE STATEMENT | |
| Title | The conquest of Gaul / |
| Statement of responsibility, etc | Caesar ; translated by S. A. Handford ; revised with a new introduction by Jane F. Gardner. |
| 250 ## - EDITION STATEMENT | |
| Edition statement | Revised edition. |
| 264 #1 - PUBLICATION, DISTRIBUTION, ETC. (IMPRINT) | |
| Place of publication, distribution, etc | London : |
| Name of publisher, distributor, etc | Penguin Books, |
| Date of publication, distribution, etc | 1982. |
| 300 ## - PHYSICAL DESCRIPTION | |
| Extent | 262 pages : |
| Other physical details | maps ; |
| Dimensions | 19 cm. |
| 336 ## - CONTENT TYPE | |
| Source | rdacontent |
| Content type term | text |
| Content type code | txt |
| 337 ## - MEDIA TYPE | |
| Media type term | unmediated |
| Source | rdamedia |
| Media type code | n |
| 338 ## - CARRIER TYPE | |
| Carrier type term | volume |
| Carrier type code | nc |
| Source | rdacarrier |
| 490 0# - SERIES STATEMENT | |
| Series statement | Penguin classics |
| 504 ## - BIBLIOGRAPHY, ETC. NOTE | |
| Bibliography, etc | Includes bibliographical references. |
| 546 ## - LANGUAGE NOTE | |
| Language note | Text in English ; translated from the original Latin.<br/> |
| 650 #7 - SUBJECT ADDED ENTRY--TOPICAL TERM | |
| Source of heading or term | BUEsh |
| Topical term or geographic name as entry element | Military history, Ancient. |
| 651 #7 - SUBJECT ADDED ENTRY--GEOGRAPHIC NAME | |
| Geographic name | Gaul |
| General subdivision | History |
| Chronological subdivision | Gallic Wars, 58-51 B.C. |
| Source of heading or term | BUEsh |
| 9 (RLIN) | 33598 |
| 653 ## - INDEX TERM--UNCONTROLLED | |
| Arrived date list | September2013 |
| 655 ## - INDEX TERM--GENRE/FORM | |
| Form subdivision | Reading book |
| 700 1# - ADDED ENTRY--PERSONAL NAME | |
| Personal name | Handford, S. A. |
| Fuller form of name | (Stanley Alexander), |
| Dates associated with a name | 1898-1978, |
| Relator term | translator. |
| 9 (RLIN) | 33599 |
| 700 1# - ADDED ENTRY--PERSONAL NAME | |
| Personal name | Gardner, Jane F., |
| Relator term | reviwer. |
| 9 (RLIN) | 33590 |
| 942 ## - ADDED ENTRY ELEMENTS (KOHA) | |
| Source of classification or shelving scheme | Dewey Decimal Classification |
| Koha item type | Book - Borrowing |
| Withdrawn status | Lost status | Source of classification or shelving scheme | Damaged status | Not for loan | Collection code | Home library | Current library | Shelving location | Date acquired | Source of acquisition | Cost, normal purchase price | Serial Enumeration / chronology | Total Checkouts | Full call number | Barcode | Date last seen | Cost, replacement price | Price effective from | Koha item type |
|---|---|---|---|---|---|---|---|---|---|---|---|---|---|---|---|---|---|---|---|
| Dewey Decimal Classification | Baccah | Central Library | Central Library | Second Floor | 04/09/2013 | Purchase | 100.00 | 18079 | 936.402 CAE | 000028836 | 15/07/2025 | 125.00 | 04/09/2013 | Book - Borrowing |